|
|
|
|
| LEADER |
01201nam a2200337 4500 |
| 001 |
000004536 |
| 003 |
675 |
| 005 |
20120412140400.0 |
| 008 |
110721s1988 viesd |
| 020 |
|
|
|c 10000
|
| 041 |
1 |
|
|a vie
|
| 082 |
|
|
|a 843
|b VE-J
|
| 100 |
1 |
|
|a Verne, Jules, 1828-1905
|d 1380-1442
|d 1380-1442
|
| 245 |
1 |
0 |
|a Bay quanh mặt trăng
|b = Autour de la Lune
|c Jules Verne ; bản dịch Nguyễn Thành Thống ; hiệu đính : Cung Giũ Nguyên
|
| 260 |
|
|
|a Phú Khánh
|b Nxb. Tổng hợp Phú Khánh
|c 1988
|
| 300 |
|
|
|a 263 tr.
|c 19 cm.
|
| 500 |
|
|
|a Dịch từ nguyên bản tiếng Pháp
|
| 653 |
|
|
|a Văn học Pháp
|
| 653 |
|
|
|a Tiểu thuyết Pháp
|
| 700 |
|
|
|a Nguyễn Thành Thống
|e dịch
|
| 910 |
|
|
|a Thi
|d 20/7/2011
|
| OWN |
|
|
|a LSP
|
| AVA |
|
|
|a UDN50
|b LSP
|d 843 VE-J
|e available
|t Error 5001 Not defined in file expand_doc_bib_avail.
|f 5
|g 1
|h N
|i 0
|k 1
|
| 999 |
|
|
|a From the UDN01
|
| AVA |
|
|
|a UDN50
|b LSP
|d 843 VE-J
|e available
|t Error 5001 Not defined in file expand_doc_bib_avail.
|f 5
|g 1
|h N
|i 0
|k 1
|
| TYP |
|
|
|a Monograph
|
| TYP |
|
|
|a Printed language
|
| 980 |
|
|
|a Mạng thư viện Đại học Đà Nẵng
|